000 00911nam a22001815i 4500
001 161815
003 ES-MaACL
005 20250726063042.0
008 041022s1865 sp |||| | spa d
040 _aCAM
_bspa
_cCAM
100 1 _aPérez Escrich, Enrique,
_d1829-1897
_990847
245 1 3 _aEl corazón en la mano
_b: drama en cinco actos escrito sobre la novela del mismo título /
_csu autor Enrique Perez Escrich.
260 _aMadrid :
_b[s.n.],
_c1865 (
_fImprenta de F. Martínez García)
300 _a98 p. ;
_c18 cm.
500 _aEn port.: Representado por primera vez bajo la dirección del primer actor D. Julián Romea, en el teatro de Variedades, en Enero de 1865.
852 _aES-MaACL
_jF-8598(5)
_z-- Enc. pasta española
_q-- Falto de la cub. original
_z-- Enc. en un vol. facticio ormando parte de la col. facticia "Teatro español moderno", vol. 51
999 _c161815
_d161815